000 01149naa a22002897a 4500
001 BR8007389
003 BR-BrBNA
005 20250716093636.0
007 ta
008 250630b bl.|||m| |||| 00| 0 por d
040 _aBR-BrBNA
_bpor
_cBiblioteca Nacional de Agricultura
041 _a(Pt)
072 _aP05; K20
090 _aP05 BR8007389
100 1 _aCouto, H.T.Z. do
100 1 _aBrito, J.O.
111 1 _aSeminario: Abastecimento Energetico Industrial com Recursos Florestais
_cPiracicaba, SP (Brazil)
_d17-18 Jul 1980
245 1 _aInventario de residuos florestais
500 _aAnais do Seminario: Abastecimento Energetico Industrial com Recursos Florestais Piracicaba, SP (Brasil): 1980. p. 1-13 [7 ref.; 6 illus.] (BR8007389-AMS)
773 0 _tAnais do Seminario: Abastecimento Energetico Industrial com Recursos Florestais
_wP05 BR8007389
_gPiracicaba, SP (Brasil), 1980. p. 1-13
650 _aENERGIA
650 _aRESIDUO
650 _aINVENTARIO FLORESTAL
490 _aSerie Tecnica - Instituto de Pesquisas e Estudos Florestais (Brazil)
_vv. 1(2)
942 _cAMS
_2AGRIS
909 _a202506
_bLúcia
_c55
_dLúcia Elande
999 _c333608
_d333608